Text book of surveying (Record no. 9715)

000 -LEADER
fixed length control field 00462nam a2200193 4500
001 - CONTROL NUMBER
control field 9715
003 - CONTROL NUMBER IDENTIFIER
control field BD-DhUET
008 - FIXED-LENGTH DATA ELEMENTS--GENERAL INFORMATION
fixed length control field 150201b xxu||||| |||| 00| 0 eng d
040 ## - CATALOGING SOURCE
Original cataloging agency DLC
Transcribing agency DLC
Modifying agency BD-DhUET
082 ## - DEWEY DECIMAL CLASSIFICATION NUMBER
Classification number 526.9
Item number SHA/1982
100 ## - MAIN ENTRY--PERSONAL NAME
Personal name Shajahan, M.
245 ## - TITLE STATEMENT
Title Text book of surveying
250 ## - EDITION STATEMENT
Edition statement 1st ed.
260 ## - PUBLICATION, DISTRIBUTION, ETC. (IMPRINT)
Place of publication, distribution, etc. Dacca
Name of publisher, distributor, etc. Kazi Mahfuzur Rahman
Date of publication, distribution, etc. 1982
300 ## - PHYSICAL DESCRIPTION
Extent x, 367p.
Other physical details ill.
650 #0 - SUBJECT ADDED ENTRY--TOPICAL TERM
Topical term or geographic name as entry element Surveying
700 ## - ADDED ENTRY--PERSONAL NAME
Personal name Aziz, M. A.
942 ## - ADDED ENTRY ELEMENTS (KOHA)
Koha item type General Book
Holdings
Lost status Sublocation or collection (holding branch) Source of classification or shelving scheme Koha normalized classification for sorting Koha out on loan Date acquired Koha date last seen Koha item type Location (home branch) Piece designation (barcode) Koha full call number Price effective from Koha date last borrowed Copy number Koha issues (times borrowed) Withdrawn status Shelving location Damaged status Not for loan
 Central Library, BUET 526_900000000000000_SHA_1982 2015-02-012025-12-02General BookCentral Library, BUET56198 526.9/SHA/19822015-02-012024-11-1917 Circulation section  
 Central Library, BUET 526_900000000000000_SHA_19822024-12-032015-03-242024-11-19General BookCentral Library, BUET56200526.9/SHA/19822015-03-242024-11-1928 Circulation section  
 Central Library, BUET 526_900000000000000_SHA_1982 2015-06-082015-06-08Reading ItemCentral Library, BUET56191526.9/SHA/19822015-06-08 3  Reading section  
 Central Library, BUET 526_900000000000000_SHA_1982 2015-06-082015-06-08Reading ItemCentral Library, BUET56195526.9/SHA/19822015-06-08 4  Reading section  
 Central Library, BUET 526_900000000000000_SHA_1982 2015-06-092015-06-09Reading ItemCentral Library, BUET56192526.9/SHA/19822015-06-09 5  Reading section  
 Central Library, BUET 526_900000000000000_SHA_1982 2015-06-132015-06-13Reading ItemCentral Library, BUET56194526.9/SHA/19822015-06-13 6  Reading section